000
00301nam a22001217a 4500
008
180227b xxu||||| |||| 00| 0 eng d
041
_a
eng
080
_a
61
100
_a
4
101
_a
shm
245
_a
diagnosis and improvenment of saline and alkali soils
_c
allison.j.e
942
_2
udc
_c
BK
999
_c
43529
_d
43529